000 00270nam a2200121Ia 4500
100 _aDEOPUJARI/U.P.
942 _cRB
245 _aMAHARASHTRA GENERAL PROVIDENT FUND RULES 1998
260 _bNagpur Law House
_aNagpur
300 _a88
546 _aENGLISH
999 _c33430
_d33430